Cities in Italy - Sudden Death - Statistics

General Stats
  • This quiz has been taken 107 times
    67 since last reset
  • The average score is 11 of 25
Answers on the Grid
Answers color-coded by a green-red scale on the quiz's grid according to % correct below.
Torino
Matera
Locarno
Zermatt
Bovec
Udine
Gorizia
Ajaccio
Bra
Milano
Nice
Nova Gorica
Roma
Menton
Asti
Bellinzona
Trieste
Foggia
Catanzaro
Saranda
Split
Ancona
Sassuolo
Izola
Pula
Tirana
Rimini
Olbia
Calvi
Bastia
Ferrara
Lodi
Cuneo
Venezia
Perugia
Bar
Thiene
Cento
Bern
Vlora
Dubrovnik
Piran
Trapani
Sion
Livorno
Palma
Zadar
Eivissa
Gandia
Bologna
 
Answer Stats
Answer % Correct
Torino
92%
Roma
88%
Milano
75%
Trieste
69%
Bologna
58%
Rimini
56%
Venezia
56%
Foggia
52%
Perugia
52%
Udine
50%
Livorno
46%
Sassuolo
46%
Ancona
44%
Ferrara
40%
Catanzaro
38%
Matera
38%
Asti
35%
Gorizia
25%
Trapani
25%
Bra
19%
Olbia
19%
Lodi
17%
Cento
13%
Cuneo
10%
Thiene
6%
No matching quizzes found
Score Distribution
Percent of People with Each Score
Percentile by Number Answered
Your Score History
You have not taken this quiz since the last reset